=LDR 00000nam 2200000 4500 =001 INLIS000000000007041 =005 20130612095113 =008 ***********************************Ind** =035 ##$$0010-061300000007041 =041 ##$$a Ind =082 ##$$a 810.959 8 =090 ##$$a 810.959 8, Sri s =100 ##$$a SRI SAYEKTI =245 ##$$a Syair pandan setia II, Sri Sayekti, Titik Indiyastini. -- =260 ##$$a 1998 $b Jakarta =300 ##$$a vi, 253 hlm, 21 cm =650 ##$$a Kesusatraan - Melayu =700 ##$$a INDIYASTINI, Titik